Top 21 Smallest Countries in Europe - Statistics

General Stats
  • This quiz has been taken 93 times
    38 since last reset
  • The average score is 19 of 21
Answer Stats
Size Country % Correct
468 Andorra
100%
10,887 Kosovo
100%
160 Liechtenstein
100%
2,586 Luxembourg
100%
2 Monaco
100%
61 San Marino
100%
0.49 Vatican City
100%
30,510 Belgium
97%
13,812 Montenegro
97%
20,273 Slovenia
97%
28,748 Albania
94%
316 Malta
94%
41,198 Netherlands
94%
25,713 North Macedonia
94%
45,339 Estonia
90%
49,036 Slovakia
90%
56,594 Croatia
84%
51,129 Bosnia and Herzegovina
81%
33,846 Moldova
81%
44,493 Denmark
77%
41,290 Switzerland
74%
No matching quizzes found
Score Distribution
Percent of People with Each Score
Percentile by Number Answered
Your Score History
You have not taken this quiz since the last reset